Bilecik Bilecik Bilecik Bilecik Bilecik

Ceza hukuku genel hükümler/ (Record no. 72987)

MARC details
000 -BAŞLIK
Sabit Uzunluktaki Kontrol Alanı 01200nam a22003857a 4500
001 - KONTROL NUMARASI
Control Dosyası 0072233
003 - KONTROL NUMARASI KİMLİĞİ
Kontrol Alanı KOHA_MİRAKIL
005 - EN SON İŞLEM TARİHİ ve ZAMANI
Kontrol Alanı 20260207005046.0
007 - FİZİKSEL TANIM SABİT ALAN - GENEL BİLGİ
Sabit uzunluklu kontrol alanı ta
008 - SABİT UZUNLUKTAKİ VERİ ÖGELERİ - GENEL BİLGİ
Sabit Alan 241017b2023 tu |||gr||||#0|||0|tur |
020 ## - ISBN - ULUSLARARASI STANDART KİTAP NUMARASI
Isbn 9789750286865
040 ## - KATALOGLAMA KAYNAĞI
Özgün Kataloglama Kurumu TR-BiSEU
Kataloglama Dili tur
Çeviri Kurumu TR-BiSEU
Açıklama Kuralları rda
041 0# - DİL KODU
Metin ya da ses kaydının dil kodu tur
044 ## - YAYINLAYAN/ÜRETEN KURULUŞUN ÜLKE KODU
ISO country code tu
050 ## - SINIFLAMA ve YER NUMARASI
Sınıflama Numarası KKX3790
Yer Numarası .K37 2023
100 1# - KİŞİ ADI
Yazar Adı (Kişi adı) Karakehya, Hakan.
245 1# - ESER ADI BİLDİRİMİ
Başlık Ceza hukuku genel hükümler/
Sorumluluk Bildirimi Hakan Karakehya ; Hakan Karakehya.
250 ## - BASIM BİLDİRİMİ
Basım Bildirimi Güncellenmiş ve gözden geçirilmiş 2. baskı
264 #1 - ÜRERİM, YAYIN, DAĞITIM ve TELİF BİLDİRİMİ
Yayın yeri Ankara :
Yayınlayan Adalet Yayınevi
Yayın tarihi 2023
300 ## - FİZİKSEL TANIMLAMA
Sayfa, Cilt vb. 428 sayfa; 24 cm.
336 ## - İÇERİK TÜRÜ
Content type term metin
Content type code txt
Source rdacontent
337 ## - MEDYA TÜRÜ
Media type term aracısız
Media type code n
Source rdamedia
338 ## - TAŞIYICI TÜRÜ
Carrier type term cilt
Carrier type code nc
Source rdacarrier
490 1# - DİZİ BİLDİRİMİ
Dizi Bildirimi Hukuk yayınları dizisi ;
Cilt Numarası 3280
500 ## - GENEL NOT
Genel Not Kaynakça ve dizin var.
650 #0 - KONU BAŞLIĞI EK GİRİŞ - KONU TERİMİ
Konusal terim veya coğrafi ad Ceza Hukuku.
9 (RLIN) 143636
650 #0 - KONU BAŞLIĞI EK GİRİŞ - KONU TERİMİ
Konusal terim veya coğrafi ad Suçun unsurları.
9 (RLIN) 141571
650 #0 - KONU BAŞLIĞI EK GİRİŞ - KONU TERİMİ
Konusal terim veya coğrafi ad Hükümler--Türkiye.
9 (RLIN) 111668
650 #0 - KONU BAŞLIĞI EK GİRİŞ - KONU TERİMİ
Konusal terim veya coğrafi ad Ceza muhakemesi hukuku--Türkiye.
9 (RLIN) 115649
650 #0 - KONU BAŞLIĞI EK GİRİŞ - KONU TERİMİ
Konusal terim veya coğrafi ad Criminal Law.
9 (RLIN) 143637
650 #0 - KONU BAŞLIĞI EK GİRİŞ - KONU TERİMİ
Konusal terim veya coğrafi ad Criminal procedure--Turkey.
9 (RLIN) 20284
830 1# - SERİ EK GİRİŞİ - TEKBİÇİM ESER ADI
Tekbiçim Başlık Hukuk yayınları dizisi ;
Volume number/sequential designation 3280
9 (RLIN) 25245
907 ## - LOCAL DATA ELEMENT G, LDG (RLIN)
a Hukuk
942 ## - EK GİRİŞ ÖGELERİ (KOHA)
Source of classification or shelving scheme Library of Congress Classification
Koha item type Book
Holdings
Materyal Türü Kalıcı Konum Mevcut Konum Raf Yeri Sınıflandırma Kaynağı Edinim Bilgisi Ana Konular Alt Konular Yer Numarası Demirbaş Numarası Fatura Tarihi Geri Çekilme Durumu Kayıp Durumu Hasarlı Durumu Kredi için değil Kayıt Tarih Toplam Ödünçverme Son Görülme Tarihi Son Kontrol Tarihi
Book Prof. Dr. Azmi Özcan Kütüphanesi Prof. Dr. Azmi Özcan Kütüphanesi Uluğbey Salonu Library of Congress Classification Satın HUKUK Türkiye Hukuku KKX3790 .K37 2023 0072233 02/02/2026         17/10/2024   17/03/2025 17/03/2025